Education, Manpower and Economic Growth (Record no. 1934)

MARC details
000 -LEADER
fixed length control field 00320nam a22001217a 4500
008 - FIXED-LENGTH DATA ELEMENTS--GENERAL INFORMATION
fixed length control field 250217b |||||||| |||| 00| 0 eng d
100 ## - MAIN ENTRY--AUTHOR
Author HARBISON, Frederick
245 ## - TITLE STATEMENT
Title Education, Manpower and Economic Growth
260 ## - PUBLICATION, DISTRIBUTION, ETC. (IMPRINT)
Place of publication New York
Name of publisher MacGrow Hill
Date of publication 1964
300 ## - COLLATION
Pagination xiii, 2251p.
942 ## - ADDED ENTRY ELEMENTS (KOHA)
Item type Books
050 ## - LIBRARY OF CONGRESS CALL NUMBER
Classification number HD5707
Item number .H37
Holdings
Source of classification or shelving scheme Not for loan Permanent location Current location Date acquired Full call number Barcode. Koha item type
Library of Congress Classification   Samuel Ogbemudia Main Library, University of Abuja Samuel Ogbemudia Main Library, University of Abuja 02/17/2025 HD5707.H37 2025-0068 Books